| 000 | 00739nam a2200157 a 4500 | ||
|---|---|---|---|
| 008 | 220302s2017 ||||||||||||||||| || u | ||
| 050 | _aCBU-PG THESIS/MBA | ||
| 100 | _aMbale, Evaristo | ||
| 245 | 1 | 3 |
_aAn evaluation of levels of Over-Indebtedness amongst Public Service Workers in Zambia: The case of Kitwe Central Hospital Employees _cBy Evaristo Mbale |
| 260 |
_aKitwe _bCopperbelt University _c2017 |
||
| 300 | _a132 pages : illustrations | ||
| 650 | _aOVER - INDEBTEDNESS - PUBLIC SERVICE WORKERS | ||
| 650 | _aPUBLIC SERVICE WORKERS - ZAMBIA | ||
| 650 | _aHOSPITAL EMPLOYEES - KITWE CENTRAL | ||
| 995 |
_FCBU-MAIN LIBRARY (Kitwe) _M1 _UAVAILABLE _WJun 22, 2022 _ZUniversity Collection |
||
| 999 |
_c42669 _d42669 |
||